000 00620na a2200217 4500
001 21985
003 MIRAKIL
005 20181213155117.0
008 170209b tu 000 0
040 _aMilas
_btur
_cTR-AnCHP
041 _atur
082 _a915.63
_bA42k 2010
090 _a915.63 A42k 2010
100 _aAkay, Cevdet
245 _aKaradeniz bölgesi
_cCevdet Akay
260 _a[y. y.]
_b[yayl. y.]
_c2010
300 _a3 c. <yaklaşık 200 s.>
_btbl. ; grf.
_c30 sm.
650 _aKaradeniz Bölgesi
_xSosyo ekonomik yapı
650 _aKaradeniz Bölgesi
_xSosyo kültürel yapı
942 _2ddc
_cBKS
999 _c6731
_d6731